| Tag |
First Indicator |
Second Indicator |
Subfields |
| LEADER |
00000pam a2200000 a 4500 |
| 001 |
in00000092794 |
| 005 |
20150923173249.0 |
| 008 |
820204s1982 pau b 00010 eng |
| 010 |
|
|
|a 82000799
|
| 020 |
|
|
|a 0877222541 :
|c $22.50
|
| 035 |
|
|
|a (OCoLC)08195455
|
| 035 |
|
|
|9 AAK7799AM
|
| 039 |
0 |
|
|a 2
|b 3
|c 3
|d 3
|e 3
|
| 040 |
|
|
|a DLC
|c DLC
|d TXA
|d UtOrBLW
|
| 041 |
1 |
|
|a eng
|a fre
|
| 049 |
|
|
|a TXAM
|c [1633382]
|
| 050 |
0 |
0 |
|a HM73
|b F6813 1982
|
| 082 |
0 |
|
|a 303.3/72
|2 19
|
| 100 |
1 |
|
|a Fourez, Gérard.
|
| 240 |
1 |
0 |
|a Choix éthiques et conditionnement social.
|l English
|
| 245 |
1 |
0 |
|a Liberation ethics /
|c Gerard Fourez.
|
| 264 |
|
1 |
|a Philadelphia :
|b Temple University Press,
|c 1982.
|
| 300 |
|
|
|a xiv, 236 pages ;
|c 23 cm.
|
| 336 |
|
|
|a text
|b txt
|2 rdacontent
|
| 337 |
|
|
|a unmediated
|b n
|2 rdamedia
|
| 338 |
|
|
|a volume
|b nc
|2 rdacarrier
|
| 500 |
|
|
|a Translation of: Choix ethiques et conditionnement social.
|
| 504 |
|
|
|a Includes bibliographical references.
|
| 650 |
|
0 |
|a Social values.
|
| 999 |
|
|
|a MARS
|
| 999 |
f |
f |
|s 381c3357-1769-39dd-a398-8046c91af467
|i 86ba7c85-c739-323c-b12a-fc04c8118fbf
|t 0
|
| 952 |
f |
f |
|p ric
|a Texas A&M University
|b Rellis Campus
|c Joint Library Facility
|d Remote Storage
|t 0
|e HM73 F6813 1982
|h Library of Congress classification
|i unmediated -- volume
|m A14806273894
|
| 998 |
f |
f |
|a HM73 F6813 1982
|t 0
|l Remote Storage
|